| 000 | 00508nam a2200169 i 4500 | ||
|---|---|---|---|
| 001 | 92542 | ||
| 003 | ES-MaACL | ||
| 005 | 20230906181009.0 | ||
| 007 | t| | ||
| 008 | 050310s1969 sp ||||1| spa d | ||
| 100 | 1 |
_aLips, A. C. M. _972510 |
|
| 245 | 1 | 3 |
_aEl matrimonio plenitud humana / _cA. C. M. Lips; traducción del holandés por D. Andrés Requena. |
| 260 |
_aMadrid : _bStudium, _c[1969] |
||
| 300 |
_a261 p. ; _c20 cm. |
||
| 700 | 1 |
_aRequena, Andrés. _996288 |
|
| 852 |
_aES-MaACL _jC-50915 _bR.69063 |
||
| 999 |
_c92542 _d92542 |
||